Historia del correo en América (Registro nro. 21739)
[ vista simple ]
| 000 -LEADER | |
|---|---|
| campo de control de longitud fija | 00822nam a2200217 i 4500 |
| 001 - NÚMERO DE CONTROL | |
| campo de control | 21739 |
| 003 - IDENTIFICADOR DE NÚMERO DE CONTROL | |
| campo de control | ES-MaACL |
| 005 - FECHA Y HORA DE LA ÚLTIMA TRANSACCIÓN | |
| campo de control | 20251120142243.0 |
| 007 - CAMPO FIJO DE DESCRIPCIÓN FÍSICA--INFORMACIÓN GENERAL | |
| campo de control de longitud fija | t| |
| 008 - DATOS DE LONGITUD FIJA--INFORMACIÓN GENERAL | |
| campo de control de longitud fija | 021127s1920 sp ||||1| spa d |
| 100 1# - ENTRADA PRINCIPAL--NOMBRE DE PERSONA | |
| Nombre de persona | Alcázar Molina, Cayetano, |
| Fechas asociadas al nombre | 1897-1958 |
| 9 (RLIN) | 19539 |
| 245 10 - MENCIÓN DEL TÍTULO | |
| Título | Historia del correo en América |
| Resto del título | : (notas y documentos para su estudio) / |
| Mención de responsabilidad, etc. | Cayetano Alcazar Molina ; prólogo de José Ortega Munilla. |
| 260 ## - PUBLICACIÓN, DISTRIBUCIÓN, ETC. | |
| Lugar de publicación, distribución, etc. | Madrid : |
| Nombre del editor, distribuidor, etc. | [s.n.], |
| Fecha de publicación, distribución, etc. | 1920 ( |
| Fabricante | Suc. de Rivadeneyra) |
| 300 ## - DESCRIPCIÓN FÍSICA | |
| Extensión | 347 p. ; |
| Dimensiones | 27 cm. |
| 490 1# - MENCIÓN DE SERIE | |
| Mención de serie | Biblioteca de historia hispano-americana ; |
| Designación de volumen o secuencia | 14 |
| 650 #7 - PUNTO DE ACCESO ADICIONAL DE MATERIA--TÉRMINO DE MATERIA | |
| Término de materia o nombre geográfico como elemento de entrada | Correos- |
| Subdivisión geográfica | América |
| Fuente del encabezamiento o término | |
| 9 (RLIN) | 163381 |
| 700 1# - ENTRADA AGREGADA--NOMBRE PERSONAL | |
| Nombre de persona | Ortega Munilla, José, |
| Fechas asociadas al nombre | 1856-1922 |
| 9 (RLIN) | 87477 |
| 830 0# - PUNTO DE ACCESO ADICIONAL DE SERIE-TÍTULO UNIFORME | |
| Título uniforme | Biblioteca de historia hispano-americana ; |
| Designación de volumen o secuencia | 14 |
| 9 (RLIN) | 228965 |
| 852 ## - LOCALIZACIÓN | |
| Ubicación | ES-MaACL |
| Número de control de estantería | C-1661 |
| Estatus retirado | Estado de pérdida | Estado de daño | No para préstamo | Biblioteca de origen | Biblioteca actual | Ubicación en estantería | Fecha de adquisición | Fuente de adquisición | Total de préstamos | Signatura topográfica completa | Código de barras | Visto por última vez | Precio de reemplazo | Tipo de ítem Koha |
|---|---|---|---|---|---|---|---|---|---|---|---|---|---|---|
| Biblioteca del Ateneo de Madrid | Biblioteca del Ateneo de Madrid | Sala Palomar | 17/01/2008 | C-1661 | 1022345 | 23/02/2023 | 23/02/2023 | Libro impreso |
